OPAC Home

4 පංතිය සඳහා භූමි ශාස්ත්‍රය (Record no. 94263)

MARC details
000 -LEADER
fixed length control field 00475nam a2200169Ia 4500
003 - CONTROL NUMBER IDENTIFIER
control field LK-CoDNM
008 - FIXED-LENGTH DATA ELEMENTS--GENERAL INFORMATION
fixed length control field 010623t1928 xxu||||| |||| 00| 1 sin d
040 ## - CATALOGING SOURCE
Original cataloging agency LK-CoDNM
Modifying agency LK-CoDNM
Description conventions LK-CoDNM
041 ## - LANGUAGE CODE
Language code of text/sound track or separate title Sinhala; Sinhalese
080 ## - UNIVERSAL DECIMAL CLASSIFICATION NUMBER
Universal Decimal Classification number 104 M 5
942 ## - ADDED ENTRY ELEMENTS (KOHA)
Koha item type Books
100 ## - MAIN ENTRY--PERSONAL NAME
Personal name Perera,Tiador.G
245 ## - TITLE STATEMENT
Title 4 පංතිය සඳහා භූමි ශාස්ත්‍රය
246 ## - VARYING FORM OF TITLE
Title proper/short title Bhumi shastraya for Std.IV
260 ## - PUBLICATION, DISTRIBUTION, ETC. (IMPRINT)
Name of publisher, distributor, etc. Lankatilaka
Place of publication, distribution, etc. Gampaha
Date of publication, distribution, etc. 1928
300 ## - PHYSICAL DESCRIPTION
Other physical details 64p, 21 cm
Holdings
Withdrawn status Lost status Damaged status Not for loan Collection code Permanent Location Current Location Date acquired Full call number Barcode Koha item type
        Monographs Library National Museum Colombo - Sri Lanka Library National Museum Colombo - Sri Lanka 2023-08-02 104 M 5 OB1016 10 Books
Copyright © 2023 Department of National Museum, Colombo 07, Sri Lanka Funded by UNESCO IFAP UNESCO